El Rol de la educación superior en el nuevo siglo /

Sparad:
Bibliografiska uppgifter
Huvudupphovsman: Moreno, Idelfonso
Materialtyp: Text
Ämnen:
Taggar: Lägg till en tagg
Inga taggar, Lägg till första taggen!

MARC

LEADER 00000 a a2200000 04500
001 18305
003
040
100 |a Moreno, Idelfonso  
245 |a El Rol de la educación superior en el nuevo siglo /  |c Idelfonso Moreno 
650 |a FINES DE LA EDUCACION  
650 |a UNIVERSIDADES  
650 |a LIDERAZGO  
650 |a ALIANZAS  
650 |a TECNOLOGIA EDUCATIVA  
773 |g volumen 2, número 2; páginas 79-85  
999 |c 35376  |d 35376